Ricostruisci la Carriera del Calciatore - Alen Bokšić - Statistics

Statistiche generali
  • Questo quiz è stato fatto 5 volte
  • Il punteggio medio è 4 su 7
Statistiche sulle risposte
Hint Risposta % Corretto
1987-1991 Hajduk Spalato
100%
1991-1992 Cannes
75%
1996-1997 Juventus
50%
1993-1996 Lazio
50%
1997-2000 Lazio
25%
2000-2003 Middlesbrough
25%
1992-1993 Olympique Marsiglia
25%
Nessun quiz corrispondente trovato
Distribuzione punteggi
Percentuale di utenti per punteggio
Percentile per numero di risposta
I tuoi punteggi nel tempo
Non hai fatto questo quiz